The Employees Gate / (Record no. 213360)

MARC details
000 -LEADER
fixed length control field 00603nam a22001817a 4500
005 - DATE AND TIME OF LATEST TRANSACTION
control field 20250908110319.0
010 ## - LCCN (DPL NO)
LC control number ENG-146822
020 ## - INTERNATIONAL STANDARD BOOK NUMBER
International Standard Book Number 9788119524822
Terms of availability 299
035 ## - SYSTEM CONTROL NUMBER
System control number EN-130354
037 ## - SOURCE OF ACQUISITION
Source of stock number/acquisition DBAD
082 ## - DEWEY DECIMAL CLASSIFICATION NUMBER
Classification number 658.3152
100 ## - MAIN ENTRY--PERSONAL NAME
Personal name Arney ,O.Y
245 ## - TITLE STATEMENT
Title The Employees Gate /
Statement of responsibility, etc O.Y Arney
Remainder of title A Practical Guide To Getting Rich While Working For Others
260 ## - PUBLICATION, DISTRIBUTION, ETC. (IMPRINT)
Place of publication, distribution, etc Kolkata
Name of publisher, distributor, etc Exceller Books A Global Press
Date of publication, distribution, etc 2024
270 ## - ADDRESS
Address G1 Dream Apartment, Degree College Road, Belgharia
City Kolkata
Postal code 700056
300 ## - PHYSICAL DESCRIPTION
Extent 106 p.
Dimensions 21 cm(PBK)
942 ## - ADDED ENTRY ELEMENTS (KOHA)
Source of classification or shelving scheme Dewey Decimal Classification
Item type English Books
Classification part 658.3152
Call number suffix Arn
Holdings
Withdrawn status Lost status Not for loan Collection code Home library Current library Date acquired Source of acquisition Cost, normal purchase price Full call number Barcode Copy number Cost, replacement price Koha item type
    Not For Loan Non-fiction Bawana Bawana 08/09/2025 DBAD 299.00 658.3152 Arn EN-130354 1 299.00 English Books

© Delhi Public Library
Hit Counter
free hit counter